000 00314nam a22001337a 4500
008 170608b xxu||||| |||| 00| 0 eng d
020 _a9780300104363
041 _aeng
080 _a32
100 _a18
101 _aSHP
245 _aLEO STRAUSS AND THE POLITICS OF AMERICAN EMPIRE
_cNOTRON.A
942 _2udc
_cBK
999 _c16456
_d16456